000 00501cam a22001934a 4500
005 20250605164157.0
008 250528s ||||||||||||||||||||||||d
035 _a19648
020 _a9605110261
040 _aGR-AtMCL
_bgre
_dGR-AtMCL
_eAACR2
245 1 _aΠΑΙΔΙΚΗ ΣΕΞΟΥΑΛΙΚΗ ΚΑΚΟΠΟΙΗΣΗ
250 _a1
260 _bΜαραθια,
_c2005
300 _a262
700 1 _aΚατωποδη Αργυρω
_95855
942 _cBK
999 _c4904
_d4904